Los Tormentos de la materia: aportes para una ecología política latinoamericana /

Saved in:
Bibliographic Details
Main Author: Alimonda, Héctor
Other Authors: comp
Format: 0/Text/
Published: Buenos Aires: CLACSO
Subjects:
Online Access:View in OPAC
Tags: Add Tag
No Tags, Be the first to tag this record!

MARC

LEADER 00000 a a2200000 04500
001 33480
003
040 |a CRAI/IIS  |c CRAI/IIS 
020 |a 987-1183-37-2  
090 |a 1001 A411t  
100 |a Alimonda, Héctor  
245 |a Los Tormentos de la materia: aportes para una ecología política latinoamericana /  |c Héctor Alimonda 
260 |a Buenos Aires:   |b CLACSO  
300 |a 274 p.  
650 |a RECURSOS NATURALES  
650 |a DETERIORO AMBIENTAL  
650 |a ZONA DEL CANAL DE PANAMA  
650 |a PANAMA  
700 |a comp.  
999 |c 7213  |d 7213